Periodic Table Elements by Atomic Symbol - Statistics

General Stats
  • This quiz has been taken 39 times
  • The average score is 70 of 118
Answer Stats
Hint Answer % Correct
15 P Phosphorus
100%
54 Xe Xenon
100%
20 Ca Calcium
95%
36 Kr Krypton
95%
28 Ni Nickel
95%
18 Ar Argon
90%
13 Al Aluminium
85%
56 Ba Barium
85%
2 He Helium
85%
1 H Hydrogen
85%
3 Li Lithium
85%
12 Mg Magnesium
85%
7 N Nitrogen
85%
8 O Oxygen
85%
19 K Potassium
85%
11 Na Sodium
85%
16 S Sulfur
85%
92 U Uranium
85%
4 Be Beryllium
80%
5 B Boron
80%
35 Br Bromine
80%
55 Cs Caesium
80%
6 C Carbon
80%
17 Cl Chlorine
80%
29 Cu Copper
80%
79 Au Gold
80%
26 Fe Iron
80%
14 Si Silicon
80%
27 Co Cobalt
75%
9 F Fluorine
75%
53 I Iodine
75%
82 Pb Lead
75%
10 Ne Neon
75%
47 Ag Silver
75%
30 Zn Zinc
75%
31 Ga Gallium
70%
25 Mn Manganese
70%
24 Cr Chromium
65%
32 Ge Germanium
65%
80 Hg Mercury
65%
84 Po Polonium
65%
34 Se Selenium
65%
90 Th Thorium
65%
22 Ti Titanium
65%
74 W Tungsten
65%
23 V Vanadium
65%
40 Zr Zirconium
65%
33 As Arsenic
60%
83 Bi Bismuth
60%
87 Fr Francium
60%
72 Hf Hafnium
60%
57 La Lanthanum
60%
76 Os Osmium
60%
37 Rb Rubidium
60%
50 Sn Tin
60%
105 Db Dubnium
55%
49 In Indium
55%
77 Ir Iridium
55%
93 Np Neptunium
55%
118 Og Oganesson
55%
86 Rn Radon
55%
38 Sr Strontium
55%
52 Te Tellurium
55%
70 Yt Ytterbium
55%
39 Y Yttrium
55%
51 Sb Antimony
50%
85 At Astatine
50%
98 Cf Californium
50%
63 Eu Europium
50%
67 Ho Holmium
50%
41 Nb Niobium
50%
102 No Nobelium
50%
94 Pu Plutonium
50%
45 Rh Rhodium
50%
104 Rf Rutherfordium
50%
21 Sc Scandium
50%
106 Sg Seaborgium
50%
43 Tc Technetium
50%
89 Ac Actinium
45%
48 Cd Cadmium
45%
58 Ce Cerium
45%
66 Dy Dysprosium
45%
99 Es Einsteinium
45%
100 Fm Fermium
45%
71 Lu Lutetium
45%
109 Mt Meitnerium
45%
101 Md Mendelevium
45%
46 Pd Palladium
45%
78 Pt Platinum
45%
88 Ra Radium
45%
75 Re Rhenium
45%
44 Ru Ruthenium
45%
95 Am Americium
40%
97 Bk Berkelium
40%
107 Bh Bohrium
40%
112 Cn Copernicium
40%
96 Cm Curium
40%
68 Er Erbium
40%
108 Hs Hassium
40%
103 Lr Lawrencium
40%
42 Mo Molybdenum
40%
115 Mc Moscovium
40%
59 Pr Praseodymium
40%
61 Pm Promethium
40%
111 Rg Roentgenium
40%
62 Sm Samarium
40%
73 Ta Tantalum
40%
114 Fl Flerovium
35%
64 Gd Gadolinium
35%
116 Lv Livermorium
35%
113 Nh Nihonium
35%
91 Pa Protactinium
35%
117 Ts Tennessine
35%
65 Tb Terbium
35%
110 Ds Darmstadtium
30%
60 Nd Neodymium
30%
81 Tl Thallium
30%
69 Tm Thullium
30%
No matching quizzes found
Score Distribution
Percent of People with Each Score
Percentile by Number Answered
Your Score History
You have not taken this quiz